000 00389 a2200169 4500
001 190970
020 _a978-85-66653-01-4
040 _cMagnum
100 _aNavarro, Antônio
240 1 0 _aO incrível mundo dos nínuys
_lpor
245 1 0 _aO incrível mundo dos nínuys
300 _a72
362 0 _a2013
440 1 _aBaobá
697 _aLITERATURA INFANTO-JUVENIL
942 _cBK
999 _c190970
_d190970